| 000 | 00475nam a2200169 i 4500 | ||
|---|---|---|---|
| 001 | 27737 | ||
| 003 | ES-MaACL | ||
| 005 | 20250805063234.0 | ||
| 007 | t| | ||
| 008 | 030115s1965 sp ||||1| spa d | ||
| 100 | 1 |
_aJuan Arbó, Sebastián, _d1902-1984 _967101 |
|
| 245 | 1 | 0 |
_aRelatos del Delta / _cSebastián Juan Arbó. |
| 260 |
_aBarcelona : _bMateu, _c[1965] |
||
| 300 |
_a298 p. ; _c20 cm. |
||
| 852 |
_aES-MaACL _jC-28532 _bR.57861 |
||
| 999 |
_c27737 _d27737 |
||